000 00861nam a2200229 a 4500
001 000023200
005 20200120222057.0
008 030804s1995 sp 0 er0 p spa d
020 _a8437613710
090 _aAP
_bDARa 1995
100 0 _aDarío, Rubén
245 1 0 _aAzul... Cantos de vida y esperanza /
_cRubén Darío; edición de José María Martínez.
260 _aMadrid :
_bCátedra,
_c1995.
300 _a466 p.
490 _aLetras hispánicas
_v403
500 _aEj.1 de Marichuela donado por la Secretaría de Educación de Bogotá; Ej.1 de Biblioparque Funza: 8a. ed. de 2010; ISBN: 9788437613710
500 _aEj.1, 2 y 3 de Biblioteca de Mosquera 8a. ed. 2010, ISBN : 8437613710
650 1 4 _aPoesía nicaraguense
650 2 4 _aNovela nicaragüense
650 2 4 _aLiteratura nicaraguense
700 1 _aMartínez, José María,
_d1964-
_eed.
999 _c1300
_d1300